书目信息 |
| 题名: |
王昭君
|
|
| 作者: | 曹禺 著 | |
| 分册: | ||
| 出版信息: | 成都 四川人民出版社 1979 |
|
| 页数: | 195页 | |
| 开本: | 19cm | |
| 丛书名: | ||
| 单 册: | ||
| 中图分类: | I234.7 , I23 | |
| 科图分类: | ||
| 主题词: | 历史题材剧(话剧)--中国--现代 | |
| 电子资源: | ||
| ISBN: | ||
| 000 | 00592nam0 2200229 45 | |
| 001 | 1540463073 | |
| 005 | 20150122111459.73 | |
| 010 | @dCNY0.64 | |
| 091 | @aCN@b10118.136 | |
| 100 | @a19950719d1979 em y0chiy0121 ea | |
| 101 | 0 | @achi |
| 102 | @aCN@b510000 | |
| 105 | @af z 000by | |
| 200 | 10 | @a王昭君@Awang zhao jun@e五幕历史剧@f曹禺著 |
| 210 | @a成都@c四川人民出版社@d1979 | |
| 215 | @a195页@c照片@d19cm | |
| 606 | @a历史题材剧(话剧)@y中国@z现代 | |
| 690 | @aI234.7@v3 | |
| 690 | @aI23@v4 | |
| 701 | 0 | @a曹禺@Acao yu@4著 |
| 801 | 0 | @aCN@bTSSF@c20150122 |
| 905 | @aZUCC@dI23@eJY24 | |
| 王昭君:五幕历史剧/曹禺著.-成都:四川人民出版社,1979 |
| 195页:照片;19cm |
| ISBN :CNY0.64 |
| ● |
| 相关链接 |
|
|
|
|
正题名:王昭君
索取号:I23/JY24
 
预约/预借
| 序号 | 登录号 | 条形码 | 馆藏地/架位号 | 状态 | 备注 |
| 1 | 7843230 | 278432304 | 学院路分馆/ [索取号:I23/JY24] | 在馆 |